000 00698nam a2200277Ia 4500
005 20260320195816.0
008 008 262003s9999 xx 000 0 hin d
020 _a9788119028009
037 _aEBOOK
040 _aCRL
040 _bhin
040 _cCRL
041 _2hin
041 _ahin
084 _qCRL
100 _aसंपत सरल
_91132864
245 0 _aएक मंजिला मकान में लिफ्ट
250 _a1st
260 _bRajkamal
260 _c2023
300 _a192
856 _uhttps://ebook.indiaread.in/pdfs/ek_manzila_makan_mein_lift_by_sampat_saral.pdf
942 _cEBOOK
999 _c1716617
_d1716617